Los libros de la autonomía obrera: antagonismo, organización, comunismo. Hipótesis para la nueva política del sujeto hiperproletario global
Uloženo v:
| Hlavní autor: | |
|---|---|
| Médium: | Kniha |
| Jazyk: | španělština |
| Vydáno: |
Madrid
Akal
2004
|
| Edice: | Cuestiones de Antagonismo, 25
|
| Témata: | |
| Tagy: |
Přidat tag
Žádné tagy, Buďte první, kdo vytvoří štítek k tomuto záznamu!
|
MARC
| LEADER | 00000cam a2200000 a 4500 | ||
|---|---|---|---|
| 001 | UCF9053 | ||
| 003 | CL-VaPUC | ||
| 008 | 131018e20040000sp |||||||||||||||||spa|d | ||
| 020 | |a 8446018284 | ||
| 082 | 0 | 4 | |a 320.01 |b NEG |2 21 |
| 100 | |a Negri, Antonio |e autor |9 455299 | ||
| 245 | 1 | 4 | |a Los libros de la autonomía obrera: antagonismo, organización, comunismo. Hipótesis para la nueva política del sujeto hiperproletario global |
| 300 | |a 377 p | ||
| 942 | |c BK | ||
| 945 | |d 20131018 14:00:00 |a dcastane | ||
| 260 | |a Madrid |b Akal |c 2004 | ||
| 650 | 7 | |a FILOSOFIA POLITICA |2 CL-VaPUC |9 571225 | |
| 650 | 7 | |a MARXISMO |2 CL-VaPUC |9 571226 | |
| 650 | 0 | |a Capitalismo |9 255255 | |
| 650 | 0 | |a Trabajo |9 313876 | |
| 650 | 0 | |a Estado |9 255503 | |
| 650 | 0 | |a Ciencias Políticas |9 255201 | |
| 583 | |a last modification |c 20131018 14:00:00 |k Rodrigo Vera | ||
| 490 | 0 | |a Cuestiones de Antagonismo, 25 | |
| 999 | |c 353538 |d 353536 | ||
| 952 | |0 0 |1 0 |3 erb |4 0 |6 320_010000000000000_NEG_2004 |7 0 |8 A |9 458854 |a BIBEDU |b BIBEDU |d 2019-11-23 |i 5019648 |o 320.01 NEG 2004 |p 5019648 |r 2019-11-23 |w 2019-11-23 |y BK |z Catalogado en:20131018 |k PSI | ||